000 00787cam a2200229 4500
001 3080543
005 20030429142358.0
008 771208s1952 enkab 000 0 eng
010 _a 52003568
015 _aGB52-7208
035 _a(OCoLC)ocm03472650
040 _aDLC
_cEXC
_dEXC
_dOCL
_dUKM
_dZCU
050 0 _aBP65
_b.T75 1952
100 1 _aTrimingham, J. Spencer
_q(John Spencer),
_d1904-
245 1 0 _aIslam in Ethiopia.
260 _aLondon,
_aNew York,
_bOxford University Press,
_c1952.
300 _axv, 299 p.
_bmaps (part fold. col.)
_c22 cm.
650 0 _aMuslims
_zEthiopia.
942 _2lcc
_cBK
999 _c22396
_d22396